[Event "Noblesville Snow Memorial"]
[Site "Noblesville"]
[Date "2022.09.17"]
[Round "2"]
[White "Bora, Safal"]
[Black "Koehl, Evan"]
[Result "1-0"]
[WhiteElo "2539"]
[BlackElo "1964"]
[PlyCount "59"]
[EventDate "2022.09.16"]
[EventType "swiss"]
[EventRounds "5"]
[EventCountry "USA"]
[SourceTitle "EXT 2023"]
[Source "ChessBase"]
[SourceDate "2022.10.05"]
[SourceVersion "1"]
[SourceVersionDate "2022.10.05"]
[SourceQuality "1"]

1. d4 Nf6 2. Nf3 g6 3. Nbd2 d5 4. b3 Bg7 5. Bb2 Nbd7 6. e3 0-0 7. Be2 Ne4 8. c4 c6 9. 0-0 Ndf6 10. b4 Bg4 11. Nxe4 Nxe4 12. h3 Bxf3 13. Bxf3 Qd7 14. a4 a5 15. b5 Nf6 16. Qb3 dxc4 17. Qxc4 Rac8 18. bxc6 bxc6 19. Qc5 Qc7 20. Rfc1 Rb8 21. Bc3 Rb3 22. Bxa5 Qb8 23. Qxc6 Rb2 24. Bc7 Qb4 25. Qc3 Rc8 26. Qxb4 Rxb4 27. a5 Ne8 28. Bg3 Rd8 29. a6 Nd6 30. a7 1-0